000 00431nam a2200181Ia 4500
005 20250423100241.0
008 250422s9999 xx 000 0 und d
020 _a0-534-12408-9
050 _aQH581.2.W646/
100 _aStephen L. Wolfe
245 0 _aMolecular and Cellular Biology
260 _aCalifornia
260 _bWadsworth Inc
260 _c1993
300 _a1146 p
650 _aMolecular Biology
942 _cBK
999 _c32737
_d32737